000
00287nam a22001337a 4500
008
181022b xxu||||| |||| 00| 0 eng d
020
_a
9781934920541
041
_a
eng
080
_a
330
100
_a
52
101
_a
MBE
245
_a
Macroeconomics
_c
Cernauskas, D
942
_2
udc
_c
BK
999
_c
50518
_d
50518